| 000 | 01545cam0 2200361 ib4500 | ||
|---|---|---|---|
| 001 | BY-BR0000-br20229307413 | ||
| 010 |
^a978-5-353-09925-3 ^bв переплете ^d11.22 р. |
||
| 100 | ^a20221226d2022 e y0rusy50 ca | ||
| 101 | 0 | ^arus | |
| 102 | ^aRU | ||
| 105 | ^aa z 000ay | ||
| 109 | ^ama | ||
| 200 | 1 |
^aАрена заблудших ^e[роман ^eдля старшего школьного возраста ^fМарина Ясинская] |
|
| 210 |
^aМосква ^cРосмэн ^d2022 |
||
| 215 |
^a332, [1] с. ^cил. ^d22 см |
||
| 225 | 1 |
^aСерия "Колизион" ^vкн. 1 |
|
| 300 | ^a1-я книга трилогии | ||
| 304 | ^aАвтор указан на переплете, в макете и перед выпускными данными | ||
| 333 | ^a16+ | ||
| 345 | ^97000 экз. | ||
| 608 |
^aРОМАН ^3BY-NLB-ar92012 ^2BYGNR |
||
| 608 |
^aТРИЛОГИЯ ^3BY-NLB-ar48331 ^2BYGNR |
||
| 608 |
^aДЕТСКАЯ И ЮНОШЕСКАЯ ЛИТЕРАТУРА (художеств. произведение) ^3BY-NLB-ar9019 ^2BYGNR |
||
| 686 |
^a84(2=411.2)6 ст. ^2rubbk |
||
| 690 |
^a1 ^2Base ^9BY-MI0001 ^xRSEK |
||
| 700 | 1 |
^aЯсинская ^bМ. Л. ^gМарина Леонидовна ^cписатель ^cюрист ^fрод. 1980 ^3BY-SEK-ar13277477 |
|
| 801 | 0 |
^aBY ^bBY-BR0000 ^c20221226 ^gRCR |
|
| 801 | 2 |
^aBY ^bBY-MI0001 ^c20250527 ^gRCR |
|
| 035 | ^a(BY-MI0001)BY-BR0000-br20229307413 | ||
| 899 | 0 |
^aBY-MI0001 ^iЯ81 ^h84(2=411.2)6 |
|